Οι τελευταίοι γαληνότατοι : μυθιστόρημα

Αποθηκεύτηκε σε:
Λεπτομέρειες βιβλιογραφικής εγγραφής
Κύριος συγγραφέας: Βλάχος, Άγγελος Σ., 1915-2000
Μορφή: Βιβλίο
Γλώσσα:Greek
Δημοσίευση: [Αθήνα] : Δημοσιογραφικός Οργανισμός Λαμπράκη, c2008.
Σειρά:Ιστορία στη Λογοτεχνία. 7
Θέματα:
Ετικέτες: Προσθήκη ετικέτας
Δεν υπάρχουν, Καταχωρήστε ετικέτα πρώτοι!

MARC

LEADER 00000cam a2200000 a 4500
001 1/108899
008 150925s2008####gr | ||| |||| ||gre||
020 |a 9789604690978  
040 |a GR-MyUa  |b gre  |c GR-MyUa  |e AACR2 
041 0 |a gre 
082 7 |a 889.3   |2 (23)  
100 1 |a Βλάχος, Άγγελος Σ.,   |d 1915-2000. 
245 1 0 |a Οι τελευταίοι γαληνότατοι :   |b μυθιστόρημα /   |c 'Αγγελος Σ. Βλάχος.  
260 |a [Αθήνα] :   |b Δημοσιογραφικός Οργανισμός Λαμπράκη,   |c c2008.  
300 |a 331 σ.;   |c 21 εκ.  
490 1 |a (Ιστορία στη Λογοτεχνία ;   |v 7) 
650 0 |a Greek literature, Modern. 
650 0 |a Greek fiction, Modern  |y 20th century. 
830 0 |a Ιστορία στη Λογοτεχνία.  |v 7 
852 |a INST  |b LEMNOS  |e 20150925  |h 889.3 ΒΛΑ  |p 005600001365  |q 005600001365  |t BK  |y 0 
970 |a Μοσχόβη  |b Ευαγγελία  |z 25-09-2015